000 01734cam a22004097a 4500
003 CHAP
005 20220329142135.0
008 991215d1994 mx r 00110 spa d
010 _a79080
011 _a80052
035 _a90494
040 _cCHAP
082 _a631.0915
_bC5
110 2 _aColegio de Postgraduados. Chapingo, Méx. Centro Regional para Estudios de Zonas Aridas y Semiáridas
_925086
245 1 0 _aAvances de investigación
_c/por Colegio de Postgraduados
260 _aSalinas de Hidalgo, S.L.P. :
_bColegio de Postgraduados. Centro Regional para Estudios de Zonas Aridas y Semiáridas,
_c1994.
300 _a71 p. :
_bgráfs.
500 _aLa biblioteca tiene: 1993
590 _aBATCH-UPD
_b10
_c20130110
_lUCH01
_h0215
590 _aBATCH-UPD
_b10
_c20130110
_lUCH01
_h1651
590 _aBATCH-UPD
_b10
_c20130409
_lUCH01
_h2234
590 _aBATCH-UPD
_b10
_c20130410
_lUCH01
_h1040
590 _aBATCH-UPD
_b10
_c20130914
_lUCH01
_h0322
590 _aCONVERSION
_b10
_c20130109
_lUCH01
_h1344
650 1 4 _aAgricultura
_xInvestigacion
_xRegiones aridas.
_91666
650 1 4 _aAgricultura
_xRegiones áridas.
_91781
650 1 4 _aRegiones áridas
_xAgricultura.
_995670
700 0 _aEstrada Luna, Andrés Adolfo.
_938406
901 _aBK
905 _aGuadalupe Pinto C.
942 _cLIBRO
949 _a631.0915 C5
_bBC
_cLIBRO
_d337240001690
_eLIBRO
_f1993 c.4
_h97197
_i90494
_sb
949 _a631.0915 C5
_bBC
_cLIBRO
_d33724000741708
_eLIBRO
_f1993 c.2
_h97195
_i90494
_sb
949 _a631.0915 C5
_bBC
_cLIBRO
_d33724000741716
_eLIBRO
_f1993
_h97194
_i90494
_si
949 _a631.0915 C5
_bBC
_cLIBRO
_d33724000741807
_eLIBRO
_f1993 c.3
_h97196
_i90494
_sb
949 _a631.0915 C5
_bBC
_cUACH
_d904945
_eUACH
_f1993 c.5
_h97198
_i90494
_sb
999 _c79080
_d79080